TTI REMIX - Rauw Alejandro - Estadísticas

Estadísticas generales
  • Esta prueba ha sido intentada 23 veces
  • La puntuación promedio es 227 de 353
Estadísticas de respuestas
Letra % Correcto
a
100%
asiento
89%
atrás?
89%
BM
89%
chica
89%
Chingando
89%
de
89%
el
89%
en
89%
En
89%
imaginas
89%
la
89%
La
89%
Si
89%
89%
te
89%
89%
89%
tu
89%
y
89%
Y
89%
yo?
89%
yo
89%
con
78%
Con
78%
conmigo
78%
jamás
78%
mi
78%
no
78%
quieres
78%
un
78%
Una
78%
una
78%
arrepentir
67%
Baby
67%
baby
67%
cinturón
67%
dime
67%
Es
67%
es
67%
esperas
67%
krippy
67%
Las
67%
las
67%
Lo
67%
lo
67%
los
67%
Los
67%
ma
67%
nervios
67%
pa
67%
Pa
67%
por
67%
prende
67%
qué
67%
que
67%
Que
67%
Qué
67%
se
67%
67%
sólo
67%
ti
67%
vas
67%
abrió
56%
Apaga
56%
Brindemos
56%
cama
56%
caramelo
56%
chorreó
56%
cosa
56%
Dale
56%
deseo
56%
dijo
56%
Dolce
56%
dormitorio
56%
dulce
56%
eh
56%
ella
56%
envidioso
56%
eres
56%
escorpio
56%
fuck
56%
fue
56%
Gabanna
56%
gritos
56%
Hasta
56%
he
56%
hicimos
56%
laboratorio
56%
le
56%
lejos
56%
luces
56%
mami
56%
matamos
56%
me
56%
mío
56%
mucho
56%
nos
56%
novio
56%
onza
56%
phillie
56%
piernas
56%
Ponerte
56%
porque
56%
Porque
56%
pose
56%
quema
56%
quiera
56%
rica
56%
rolas
56%
Sensei
56%
siento
56%
su
56%
tiene
56%
to
56%
toto
56%
tus
56%
Universitaria
56%
vayamos
56%
veo
56%
ves
56%
yeah
56%
Yeh
56%
yeh
56%
accesorios
44%
Adentro
44%
Alejandro
44%
Aunque
44%
Besar
44%
como
44%
confío
44%
contigo
44%
Daredevil
44%
dice
44%
dolió
44%
donde
44%
estar
44%
fuckin
44%
hacerte
44%
mientras
44%
mujer
44%
pegamos
44%
pidió
44%
piel
44%
quedé
44%
quisiera
44%
quitaba
44%
quítate
44%
quitó
44%
Rauw
44%
sea
44%
sentío
44%
Vacilando
44%
besé
33%
bote
33%
Enrólate
33%
it
33%
llena
33%
llenamo
33%
revolcamos
33%
sus
33%
vamos
33%
ya
33%
copa
22%
dos
22%
modo
22%
Rosé?
22%
trépate
22%
No se encontraron pruebas coincidentes
Distribución de puntuación
Porcentaje de gente con cada puntuación
Porcentaje por número respondido
Historial de tus puntuaciones
No has intentado esta prueba.